header

Cesar Chavez (Record no. 129541)

MARC details
000 -LEADER
fixed length control field 01655nam a2200397Ia 4500
082 04 - DEWEY DECIMAL CLASSIFICATION NUMBER
Classification number 331.88/13092
-- B
100 1# - MAIN ENTRY--AUTHOR NAME
Personal name Levy, Jacques E.
245 10 - TITLE STATEMENT
Title Cesar Chavez
250 ## - EDITION STATEMENT
Edition statement 1st University of Minnesota Press ed.
260 ## - PUBLICATION, DISTRIBUTION, ETC. (IMPRINT)
Place of publication Minneapolis :
Name of publisher University of Minnesota Press,
Year of publication 2007.
300 ## - PHYSICAL DESCRIPTION
Number of Pages xxxi, 556 p.
500 ## - GENERAL NOTE
General note Originally published in 1975 by W. W. Norton and Company, Inc.
General note Includes index.
650 #0 - SUBJECT ADDED ENTRY--TOPICAL TERM
Topical Term Migrant agricultural laborers
Topical Term Labor leaders
Topical Term Mexican Americans
700 1# - ADDED ENTRY--PERSONAL NAME
Personal name Chavez, Cesar,
856 40 - ELECTRONIC LOCATION AND ACCESS
Uniform Resource Identifier http://site.ebrary.com/lib/rucke/Doc?id=10217875

No items available.

© 2026 Rongo University
Contact us: librarian | system librarian | Rongo university